000 00486nmm a2200169Ia 4500
008 251105s9999||||xx |||||||||||||||||und||
020 _a9788497426619
041 _aspa
100 _aGarcía Blázquez, José Antonio
245 0 _aEl maldito amor
264 _a[Madrid, España] :
_bBiblioteca Nueva,
_c2007
300 _a336 páginas
490 _aNarrativa contemporánea
650 _aSpanish narrative
856 _uhttps://public.digitaliapublishing.com/a/2526
942 _cCF
999 _c90329
_d90329